| 000 | 00478cam a2200169 a 4500 | ||
|---|---|---|---|
| 082 | 0 | 0 |
_a297.64 _bMOH _cL-31,P86 |
| 100 | 1 |
_aMohy-ud-Din, Atta. _937510 |
|
| 245 | 1 | 0 |
_aAli, the superman / _cby Ata Mohy-ud-Din. |
| 250 | _a2nd ed. | ||
| 260 |
_aLahore : _bSh. Muhammad Ashraf, _c1980. |
||
| 300 |
_axvi, 476 p. ; _c22 cm. |
||
| 526 |
_a0 _b0 _c0 _d297_640000000000000_MOH |
||
| 650 | 0 |
_aCaliphs _937511 |
|
| 650 | 0 |
_aImams (Shiites) _937512 |
|
| 650 | 0 |
_aMCE _9379 |
|
| 942 |
_2ddc _cBK |
||
| 999 |
_c542377 _d542377 |
||